Islam and the politics of secularism : (Record no. 14841)

000 -LEADER
fixed length control field 01949cam a2200397 a 4500
001 - CONTROL NUMBER
control field 16862626
005 - DATE AND TIME OF LATEST TRANSACTION
control field 20170105102905.0
008 - FIXED-LENGTH DATA ELEMENTS--GENERAL INFORMATION
fixed length control field 110708s2012 enka b 001 0 eng
010 ## - LIBRARY OF CONGRESS CONTROL NUMBER
LC control number 2011028858
016 7# - NATIONAL BIBLIOGRAPHIC AGENCY CONTROL NUMBER
Record control number 015846137
Source Uk
020 ## - INTERNATIONAL STANDARD BOOK NUMBER
International Standard Book Number 9780415671668 (hardback)
020 ## - INTERNATIONAL STANDARD BOOK NUMBER
International Standard Book Number 0415671663 (hardback)
020 ## - INTERNATIONAL STANDARD BOOK NUMBER
International Standard Book Number 9780203137734 (ebook)
020 ## - INTERNATIONAL STANDARD BOOK NUMBER
International Standard Book Number 0203137736 (ebook)
035 ## - SYSTEM CONTROL NUMBER
System control number (OCoLC)ocn698324462
040 ## - CATALOGING SOURCE
Original cataloging agency DLC
Transcribing agency DLC
Modifying agency YDX
-- BTCTA
-- YDXCP
-- UKMGB
-- BWX
-- IUL
-- DEBBG
-- DLC
042 ## - AUTHENTICATION CODE
Authentication code pcc
050 00 - LIBRARY OF CONGRESS CALL NUMBER
Classification number BP166.9
Item number .A73 2012
082 00 - DEWEY DECIMAL CLASSIFICATION NUMBER
Classification number 297.2/72095609041
Edition number 23
084 ## - OTHER CLASSIFICATION NUMBER
Classification number NQ 8842
Number source rvk
100 1# - MAIN ENTRY--PERSONAL NAME
Personal name Ardıc̦, Nurullah.
245 10 - TITLE STATEMENT
Title Islam and the politics of secularism :
Remainder of title the Caliphate and Middle Eastern modernization in the early 20th century /
Statement of responsibility, etc. Nurullah Ardiç.
260 ## - PUBLICATION, DISTRIBUTION, ETC.
Place of publication, distribution, etc. London ;
-- New York :
Name of publisher, distributor, etc. Routledge,
Date of publication, distribution, etc. 2012.
300 ## - PHYSICAL DESCRIPTION
Extent 390 p. :
Other physical details ill. ;
Dimensions 24 cm.
490 1# - SERIES STATEMENT
Series statement SOAS/Routledge studies on the Middle East ;
Volume/sequential designation 16
504 ## - BIBLIOGRAPHY, ETC. NOTE
Bibliography, etc. note Includes bibliographical references (p. [352]-377) and index.
505 0# - FORMATTED CONTENTS NOTE
Formatted contents note Islam and politics in the Middle East -- Modernization and Islam in the Ottoman Empire -- The Caliphate question: historical and discursive context -- Secularization of politics and discourse in the Caliphal center (1908-1916) -- World War I, European colonialism and the Caliphate's periphery (1914-1920) -- Abolition of the Caliphate: religious justification of a secular reform (1919-1924) -- Islam and modernity: confrontation or accommodation?.
650 #0 - SUBJECT ADDED ENTRY--TOPICAL TERM
Topical term or geographic name entry element Caliphate
General subdivision History
Chronological subdivision 20th century.
650 #0 - SUBJECT ADDED ENTRY--TOPICAL TERM
Topical term or geographic name entry element Islam and politics
Geographic subdivision Turkey.
650 #0 - SUBJECT ADDED ENTRY--TOPICAL TERM
Topical term or geographic name entry element Secularism
Geographic subdivision Turkey
General subdivision History
Chronological subdivision 20th century.
651 #0 - SUBJECT ADDED ENTRY--GEOGRAPHIC NAME
Geographic name Turkey
General subdivision Politics and government
Chronological subdivision 1909-1918.
830 #0 - SERIES ADDED ENTRY--UNIFORM TITLE
Uniform title SOAS/Routledge studies on the Middle East ;
Volume/sequential designation 16.
906 ## - LOCAL DATA ELEMENT F, LDF (RLIN)
a 7
b cbc
c orignew
d 1
e ecip
f 20
g y-gencatlg
942 ## - ADDED ENTRY ELEMENTS (KOHA)
Source of classification or shelving scheme
Koha item type Book
Holdings
Withdrawn status Lost status Damaged status Not for loan Collection code Permanent Location Current Location Shelving location Date acquired Total Checkouts Full call number Barcode Date last seen Price effective from Koha item type
          Centre for International Peace & Stability (CIPS) Centre for International Peace & Stability (CIPS) General Stacks 10/01/2013   297.272095609041 ARD 2012 CIPS0001338 10/22/2013 10/22/2013 Book
© 2023 Central Library, National University of Sciences and Technology. All Rights Reserved.